| 000 | 00817nam a22002417a 4500 | ||
|---|---|---|---|
| 999 |
_c6456 _d6456 |
||
| 003 | AR-CdUCM | ||
| 008 | 190318b ||||| |||| 00| 0 spa d | ||
| 040 |
_aMUNICIPALIDAD PROVINCIAL DEL CUSCO _cBIBLIOTECA MUNICIPAL DEL CUSCO |
||
| 082 |
_a904 / _bSI586 _23 ed. |
||
| 100 |
_aSilva Santisteban, Fernando _98153 |
||
| 245 | _aHistoria del Perú / | ||
| 260 |
_aLima : _bEds. Buho, _c1983. |
||
| 300 |
_a3 t. ; _bilustraciones, _c20 cm. |
||
| 500 | _aAcompañado: "Actualizador del Perú y del mundo". | ||
| 505 | _aContenido: t.1. Perú antiguo. -- t.2. Perú colonial. -- t.3. Perú republicano | ||
| 650 |
_aPerú _92178 |
||
| 650 |
_aHistoria _9136 |
||
| 650 |
_aÉpoca Prehispánica _92714 |
||
| 650 |
_aÉpoca Colonial _9645 |
||
| 650 |
_aRepública, 1825- _918302 |
||
| 942 |
_2ddc _cLIBROS |
||
| 945 | _araen | ||